000 00917nam a2200301 i 4500
008 761118s1976 fr 000 0 fre
010 _a 76484955
020 _a2721000519 :
_c40.00F
040 _aDLC
_cDLC
_dDLC
050 0 0 _aPQ2663.I9
_bP3
082 0 0 _a848/.9/1409
092 0 4 _a848.91409
_bC5829
_221
099 _a04
_a848.91409 C5829
100 1 _aCixous, Helene,
_d1937-
245 1 0 _aPartie /
_cHelene Cixous.
260 _aParis :
_bEditions des Femmes,
_c[1976]
300 _a66, 90 p. ;
_c17 x 25 cm.
500 _aIn 2 parts, bound together back-to-back.
600 1 0 _aCixous, Helene,
_d1937-
650 0 _aFrench literature.
650 0 _aFrench literature
_y20th century.
650 0 _aFrench literature
_y20th century
_xHistory and criticism.
902 _a1
905 _aGhada
_eCat.
905 _aJihan
_eRev
942 _2ddc
_cBK
999 _c154284
_d154284